Central Library OPAC University of Rajshahi

The ascent of F6 : (Record no. 20431)

MARC details
000 -LEADER
fixed length control field 00734cam a2200229 a 4500
001 - CONTROL NUMBER
control field 20431
003 - CONTROL NUMBER IDENTIFIER
rucl marc code BD-RjUL
005 - DATE AND TIME OF LATEST TRANSACTION
control field 20211209000550.0
008 - FIXED-LENGTH DATA ELEMENTS--GENERAL INFORMATION
fixed length control field 140301s1936 enk 000 0 eng d
035 ## - SYSTEM CONTROL NUMBER
System control number CURL **020000355909**(Edi) from nsc248
-- (BD-RjUL)20493
040 ## - CATALOGING SOURCE
Original cataloging agency BD-RjUL
Language of cataloging eng
Transcribing agency BD-RjUL
Modifying agency BD-RjUL
041 ## - LANGUAGE CODE
Language code of text/sound track or separate title eng
082 ## - DEWEY DECIMAL CLASSIFICATION NUMBER
Classification number 822.91
Author mark and year AUA 1936
100 1# - MAIN ENTRY--PERSONAL NAME
Personal name Auden, W. H.
Fuller form of name (Wystan Hugh),
Dates associated with a name 1907-1973.
9 (RLIN) 3365
245 14 - TITLE STATEMENT
Title The ascent of F6 :
Remainder of title a tragedy in two acts /
Statement of responsibility, etc. W.H. Auden and Christopher Isherwood
260 ## - PUBLICATION, DISTRIBUTION, ETC. (IMPRINT)
Place of publication, distribution, etc. London :
Name of publisher, distributor, etc. Faber & Faber,
Date of publication, distribution, etc. 1936
300 ## - PHYSICAL DESCRIPTION
Pagination 123 p :
Size 22 cm
650 ## - SUBJECT ADDED ENTRY--TOPICAL TERM
Topical term or geographic name as entry element Teatro Ingles
9 (RLIN) 63009
700 1# - ADDED ENTRY--PERSONAL NAME
Personal name Isherwood, Christopher,
Dates associated with a name 1904-1986.
942 ## - ADDED ENTRY ELEMENTS (KOHA)
Source of classification or shelving scheme Dewey Decimal Classification
Koha item type Books
Holdings
Lost status Source of classification or shelving scheme Damaged status Not for loan Collection code Permanent Location Current Location Shelving location Date acquired Source of acquisition Cost, normal purchase price Total Checkouts Full call number Date last seen Copy number Koha item type Date checked out
  Dewey Decimal Classification   Added to bundle Fiction Central Library, University of Rajshahi Central Library, University of Rajshahi Reading Room 16/12/1969 ZEIT 12.60   822.91 AUA 1936 01/03/2014 C-1 Books  
  Dewey Decimal Classification     Non-fiction Central Library, University of Rajshahi Central Library, University of Rajshahi General Stacks 16/02/1963 Zeitlinger 12.60 1 822.91 AUA 1936 20/12/2022 C-2 Books 29/11/2022